000 00847nam a2200253 i 4500
001 185981
003 ES-MaACL
005 20230906222546.0
008 160831s1986 mx |||| | spa d
020 _a968-16-2222-7
080 _a392.6
100 1 _aVázquez, Héctor.
_9113361
245 1 0 _aDel incesto en psicoanálisis y en antropología /
_cpor Héctor Vázquez.
250 _a1ª ed.
260 _aMéxico :
_bFondo de Cultura Económica,
_c1986.
300 _a193 p. ;
_c18 cm.
490 1 _aBreviarios del Fondo de Cultura Económica ;
_v421
504 _aBibliografía: p. 191-193.
650 4 _aIncesto.
_9160654
650 0 4 _aParentesco.
_915836
830 0 _aBreviarios del Fondo de Cultura Económica ;
_v421
_9179682
852 _aES-MaACL
_jL-30593
_z- enc. cart.
_z. - Donat. Miguel A. Velasco
999 _c185981
_d185981